Резонансный СВЧ компрессор

Bibliografiset tiedot
Yhteisötekijä: Национальный исследовательский Томский политехнический университет (ТПУ)
Muut tekijät: Артеменко С. Н. Сергей Николаевич, Августинович В. А. Владимир Андреевич, Новиков С. А. Сергей Автономович, Юшков Ю. Г. Юрий Георгиевич
Yhteenveto:опубл. 20.01.12
Резонансный СВЧ компрессор предназначен для формирования мощных СВЧ импульсов наносекундной длительности. Устройство содержит симметричный одномодовый накопительный резонатор, ограниченный короткозамыкателями, СВЧ коммутатор и элементы ввода и вывода энергии на основе волноводных тройников. Элемент ввода энергии, расположенный по центру резонатора, выполнен в виде Н-тройника. Элемент вывода энергии выполнен на основе двух Н-тройников, компланарных с Н-тройником элемента ввода, включенных симметрично в короткозамкнутые плечи резонатора. К выходным плечам Н-тройников элемента вывода симметрично подсоединен выходной суммирующий Н-тройник. СВЧ коммутатор размещен в центре резонатора. Технический результат заключается в существенном увеличении мощности сигналов за счет уменьшения времени вывода накопленной энергии.
Kieli:venäjä
Julkaistu:
Aiheet:
Linkit:http://www.fips.ru/Archive/PAT/2012FULL/2012.01.20/DOC/RUNWC1/000/000/002/440/647/document.pdf
Aineistotyyppi: MixedMaterials Elektroninen Kirja
KOHA link:https://koha.lib.tpu.ru/cgi-bin/koha/opac-detail.pl?biblionumber=637274

MARC

LEADER 00000nlm0a2200000 4500
001 637274
005 20240124094721.0
029 1 0 |a RU  |b 2440647  |c Пат.  |d МПК H01 P 7/06 
035 |a (RuTPU)RU\TPU\network\1374 
035 |a RU\TPU\network\1373 
039 0 |a RU  |b 2010131287/07  |c 20100726 
090 |a 637274 
100 |a 20140618j20120120k y0rusy50 ca 
101 0 |a rus 
102 |a RU 
105 |a a k 000zy 
135 |a drcn ---uucaa 
181 0 |a i  
182 0 |a b 
200 1 |a Резонансный СВЧ компрессор  |f С. Н. Артеменко [и др.]  |g Национальный исследовательский Томский политехнический университет (ТПУ) 
203 |a Текст  |c электронный 
300 |a опубл. 20.01.12 
330 |a Резонансный СВЧ компрессор предназначен для формирования мощных СВЧ импульсов наносекундной длительности. Устройство содержит симметричный одномодовый накопительный резонатор, ограниченный короткозамыкателями, СВЧ коммутатор и элементы ввода и вывода энергии на основе волноводных тройников. Элемент ввода энергии, расположенный по центру резонатора, выполнен в виде Н-тройника. Элемент вывода энергии выполнен на основе двух Н-тройников, компланарных с Н-тройником элемента ввода, включенных симметрично в короткозамкнутые плечи резонатора. К выходным плечам Н-тройников элемента вывода симметрично подсоединен выходной суммирующий Н-тройник. СВЧ коммутатор размещен в центре резонатора. Технический результат заключается в существенном увеличении мощности сигналов за счет уменьшения времени вывода накопленной энергии. 
610 1 |a патенты 
610 1 |a труды учёных ТПУ 
610 1 |a электронный ресурс 
610 1 |a СВЧ компрессоры 
610 1 |a резонансные компрессоры 
701 1 |a Артеменко  |b С. Н.  |c физик  |c ведущий научный сотрудник Томского политехнического университета, доктор физико-математических наук  |f 1951-  |g Сергей Николаевич  |3 (RuTPU)RU\TPU\pers\25663  |9 11574 
701 1 |a Августинович  |b В. А.  |c радиофизик  |c ведущий инженер Томского политехнического университета  |f 1941-  |g Владимир Андреевич  |3 (RuTPU)RU\TPU\pers\26482  |9 12184 
701 1 |a Новиков  |b С. А.  |c специалист в области электротехники  |c профессор Томского политехнического университета, доктор физико-математических наук  |f 1949-  |g Сергей Автономович  |3 (RuTPU)RU\TPU\pers\25683  |9 11594 
701 1 |a Юшков  |b Ю. Г.  |c электрофизик  |c профессор Томского политехнического университета, доктор технических наук  |f 1937-  |g Юрий Георгиевич  |3 (RuTPU)RU\TPU\pers\22023  |9 9320 
712 0 2 |a Национальный исследовательский Томский политехнический университет (ТПУ)  |c (2009- )  |3 (RuTPU)RU\TPU\col\15902 
801 1 |a RU  |b 63413507  |c 20120201 
801 2 |a RU  |b 63413507  |c 20160608  |g RCR 
856 4 |u http://www.fips.ru/Archive/PAT/2012FULL/2012.01.20/DOC/RUNWC1/000/000/002/440/647/document.pdf 
942 |c CF